UBT Library

Fundamentals of financial management / (Record no. 42152)

000 -LEADER
fixed length control field 00734cam a22002414a 4500
001 - CONTROL NUMBER
control field 11957730
005 - DATE AND TIME OF LATEST TRANSACTION
control field 20180208075628.0
008 - FIXED-LENGTH DATA ELEMENTS--GENERAL INFORMATION
fixed length control field 000329s2000 txua b 001 0 eng
010 ## - LIBRARY OF CONGRESS CONTROL NUMBER
LC control number 00102061
020 ## - INTERNATIONAL STANDARD BOOK NUMBER
International Standard Book Number 0030314615
040 ## - CATALOGING SOURCE
Original cataloging agency DLC
Transcribing agency DLC
Modifying agency DLC
041 ## - LANGUAGE CODE
Language code of text/sound track or separate title eng
042 ## - AUTHENTICATION CODE
Authentication code pcc
080 ## - UNIVERSAL DECIMAL CLASSIFICATION NUMBER
Universal Decimal Classification number 658.15 BRI
082 00 - DEWEY DECIMAL CLASSIFICATION NUMBER
Classification number 658.15 BRI
Edition number 21
100 1# - Rafti
Rafti 55
101 ## - Shkurtesa
Shkurtesa MF
245 10 - TITLE STATEMENT
Title Fundamentals of financial management /
Statement of responsibility, etc Eugene F. Brigham, Joel F. Houston.
504 ## - BIBLIOGRAPHY, ETC. NOTE
Bibliography, etc Includes bibliographical references and index.
906 ## - LOCAL DATA ELEMENT F, LDF (RLIN)
a 7
b cbc
c orignew
d 2
e epcn
f 20
g y-gencatlg
942 ## - ADDED ENTRY ELEMENTS (KOHA)
Source of classification or shelving scheme
Item type Books
Holdings
Withdrawn status Lost status Source of classification or shelving scheme Damaged status Not for loan Collection code Permanent location Current location Shelving location Date acquired Total Checkouts Full call number Barcode Date last seen Price effective from Koha item type
          Koleksioni i përgjithshem UBT - Lipjan UBT - Lipjan Koleksioni i përgjithshem 02/08/2018   658.15 BRI 002-2999220 02/08/2018 02/08/2018 Books
UBT Library © 2015-2024. All rights reserved University Education for Business and Technology